Southville International School and Colleges
Your cart is empty.
  • Cart
  • Lists
    Public lists Eva Luna New books Lux_list list_1
    Your lists Log in to create your own lists
  • Log in to your account
  • Your cookies
  • Search history
Southville International School and Colleges
  • Advanced search
  • Recent comments
  • Most popular
  • Libraries

Log in to your account

Log in with GOOGLE


If you do not have an external account, but do have a local account, you can still log in:

  1. Home
  2. MARC view: The philosphy of spiritual activity :
Normal view MARC view ISBD view

The philosphy of spiritual activity : (Record no. 10333)

[ view plain ]
MARC details
000 -LEADER
fixed length control field 00650nam a22002177a 4500
003 - CONTROL NUMBER IDENTIFIER
control field OSt
005 - DATE AND TIME OF LATEST TRANSACTION
control field 20140310182206.0
008 - FIXED-LENGTH DATA ELEMENTS--GENERAL INFORMATION
fixed length control field 130904t xxu||||| |||| 00| 0 eng d
020 ## - INTERNATIONAL STANDARD BOOK NUMBER
International Standard Book Number 0880101571
050 ## - LIBRARY OF CONGRESS CALL NUMBER
Classification number BP 595
Item number .St894P4613 1986
082 ## - DEWEY DECIMAL CLASSIFICATION NUMBER
Classification number HS 299.93
Item number St3 1986
100 ## - MAIN ENTRY--PERSONAL NAME
Personal name Steiner, Rudolf
9 (RLIN) 1588
245 ## - TITLE STATEMENT
Title The philosphy of spiritual activity :
Remainder of title basic features of a modern world view /
Statement of responsibility, etc Rudolf Steiner
260 ## - PUBLICATION, DISTRIBUTION, ETC. (IMPRINT)
Place of publication, distribution, etc New York :
Name of publisher, distributor, etc Anthrosophic Press,
Date of publication, distribution, etc c1986.
300 ## - PHYSICAL DESCRIPTION
Extent xi,262 p. :
Dimensions 18 cm.
541 ## - IMMEDIATE SOURCE OF ACQUISITION NOTE
-- 1
562 ## - COPY AND VERSION IDENTIFICATION NOTE
Number of copies 1
650 ## - SUBJECT ADDED ENTRY--TOPICAL TERM
Topical term or geographic name as entry element Anthroposophy
9 (RLIN) 1589
650 ## - SUBJECT ADDED ENTRY--TOPICAL TERM
Topical term or geographic name as entry element Linderman, William
9 (RLIN) 16487
942 ## - ADDED ENTRY ELEMENTS (KOHA)
Source of classification or shelving scheme Library of Congress Classification
Koha item type
Holdings
Withdrawn status Lost status Source of classification or shelving scheme Damaged status Home library Current library Shelving location Date acquired Total Checkouts Full call number Barcode Date last seen Copy number Price effective from Koha item type
    Library of Congress Classification   Luxembourg Library Luxembourg Library High School Section 09/04/2013   BP 595 .St894P4613 1986 9464 08/14/2015 1 09/04/2013 Books

The philosphy of spiritual activity :

APA

Steiner R., . (1986). The philosphy of spiritual activity. New York: Anthrosophic Press.

Chicago

Steiner Rudolf, . 1986. The philosphy of spiritual activity. New York: Anthrosophic Press.

Harvard

Steiner R., . (1986). The philosphy of spiritual activity. New York: Anthrosophic Press.

MLA

Steiner Rudolf, . The philosphy of spiritual activity. New York: Anthrosophic Press. 1986.

  • Place hold
  • Print
  • Cite
  • Add to your cart (remove)
  • Save record
    BIBTEX Dublin Core MARCXML MARC (non-Unicode/MARC-8) MARC (Unicode/UTF-8) MARC (Unicode/UTF-8, Standard) MODS (XML) RIS
  • More searches
    Search for this title in:
    Other Libraries (WorldCat) Other Databases (Google Scholar) Online Stores (Bookfinder.com) Open Library (openlibrary.org)

Exporting to Dublin Core...

SOUTHVILLE LIBRARY

Southville International School and Colleges Library

1281 Tropical Ave. Cor. Luxembourg St., BF Homes International, Las Pinas City

Tel. No. 8256374 / 252358 Loc. 117/146

Powered by Koha